Statistics for Minnesota Timberwolves Quiz

Click here to take the quiz!

General Stats

  • This quiz has been taken 60 times
  • The average score is 13 of 21

Answer Stats

Answer% Correct
1
100%
Maastricht Blue
98%
Lapis Lazuli
98%
Western
96%
0
93%
Dark Lemon Lime
85%
Minneapolis, Minnesota
83%
White
80%
Northwest
74%
Target Center
70%
1989
69%
Ryan Saunders
59%
2
57%
Quick Silver
52%
Glen Taylor
31%
Gersson Rosas
28%
Fitbit
26%
Iowa Wolves
22%
Malik Sealy
19%
Ethan Casson
7%
Scott Layden
4%

Score Distribution

Percentile by Number Answered

Percent of People with Each Score

Your Score History

You have not taken this quiz